[Event "Challenge"]
[Site "http://www.queenalice.com/game.php?id=1769929"]
[Date "2021.9.15"]
[Round "-"]
[White "dpambakian"]
[Black "magalhaes_br"]
[Result "1-0"]
[WhiteElo "1296"]
[BlackElo "1521"]

1. e4 e5 2. Nf3 d6 3. Bc4 Qf6 4. O-O Be6 5. d3 Bxc4 6. dxc4 Qe6 7. Ng5 Qxc4 8.
Na3 Qd4 9. Qf3 Nf6 10. Nb5 Qb6 11. a4 g6 12. Qb3 d5 13. exd5 Bg7 14. d6 cxd6 15.
Qxf7+ Kd8 16. Ne6+ Kc8 17. Qxg7 Re8 18. Qf7 Nbd7 19. Be3 Qc6 20. Bg5 b6 21. Nc3
Kb7 22. Bxf6 Ka6 23. a5 Nxf6 24. Qxf6 d5 25. Nc7+ Qxc7 26. axb6+ Kb7 27. bxc7
Kxc7 28. Nxd5+ Kb7 29. Qa6+ Kb8 30. Qb5+ Kc8 31. Qxe8+ Kb7 32. Qe7+ Kb8 33. Rfd1
1-0

[Event "Challenge"]
[Site "http://www.queenalice.com/game.php?id=1770131"]
[Date "2021.9.17"]
[Round "-"]
[White "dpambakian"]
[Black "magalhaes_br"]
[Result "0-1"]
[WhiteElo "1338"]
[BlackElo "1457"]

1. e4 e5 2. Nf3 Nc6 3. Bc4 Qf6 4. O-O d6 5. Nc3 Be6 6. Bb5 Bd7 7. Nd5 Qd8 8. d3
Nf6 9. Nc3 a6 10. Bc4 Qe7 11. Ng5 Be6 12. a4 Bxc4 13. dxc4 g6 14. Ra3 Bg7 15.
Rb3 b6 16. a5 Nxa5 17. Rb4 O-O 18. g3 d5 19. exd5 Qxb4 20. Bd2 Qxb2 21. Na4 Qd4
22. Nf3 Qxc4 23. Nb2 Qxd5 24. Ng5 Nc4 25. Nxc4 Qxc4 26. Nf3 Nd7 27. Re1 Rae8 28.
c3 b5 29. Ng5 f6 30. Ne4 a5 31. Bc1 Rd8 32. Nd2 Qxc3 33. Ne4 Qc6 34. Qb3+ Kh8
35. f4 Nc5 36. Qc2 a4 37. Nxc5 Rd5 38. Qf2 Rxc5 39. fxe5 Rxe5 40. Rd1 Kg8 41.
Qa2+ Qe6 42. Qd2 h5 43. Qa5 c6 44. Qc7 Re1+ 45. Kf2 Qe2# 0-1

[Event "Challenge"]
[Site "http://www.queenalice.com/game.php?id=1770387"]
[Date "2021.9.20"]
[Round "-"]
[White "Kees_Popinga"]
[Black "dpambakian"]
[Result "1-0"]
[WhiteElo "1561"]
[BlackElo "1327"]

1. d4 d5 2. Nf3 Bf5 3. Bf4 Nc6 4. e3 e6 5. Nbd2 Qf6 6. Bxc7 Rc8 7. Bf4 Bb4 8. c3
Ba5 9. Qb3 Nge7 10. Qxb7 Rb8 11. Qa6 Rb6 12. Qe2 Rxb2 13. Rc1 O-O 14. g3 Rfb8
15. Bg2 Rxa2 16. Bxb8 Nxb8 17. O-O Qh6 18. Qd1 Ng6 19. Nb3 Bb6 20. Ra1 Rc2 21.
Rc1 Ra2 22. Ra1 Nc6 23. Rxa2 Bc7 24. Re1 Qh5 25. Nbd2 Bd3 26. Nf1 Be4 27. Rb2
Nce7 28. Rb7 Bd6 29. Rxa7 h6 30. N3d2 Nf5 31. Qxh5 Nge7 32. Bxe4 dxe4 33. Nxe4
g6 34. Qd1 Nd5 35. Qb1 h5 36. Qb5 h4 37. Qe8+ Kh7 38. Qxf7+ Ng7 39. Qxg7# 1-0

[Event "Challenge"]
[Site "http://www.queenalice.com/game.php?id=1770958"]
[Date "2021.9.27"]
[Round "-"]
[White "magalhaes_br"]
[Black "dpambakian"]
[Result "0-1"]
[WhiteElo "1480"]
[BlackElo "1315"]

1. e4 e5 2. Nf3 Bc5 3. Bc4 Nh6 4. Nxe5 d6 5. Nd3 O-O 6. Nxc5 dxc5 7. d3 Ng4 8.
O-O Qh4 9. h3 Ne5 10. Be3 Nbc6 11. Bxc5 Qg5 12. Bxf8 Kxf8 13. Bb3 Bxh3 14. g3
Nd4 15. Bd5 Nef3+ 16. Kh1 Qh5 17. e5 Bg4+ 18. Kg2 Qh2# 0-1

[Event "Challenge"]
[Site "http://www.queenalice.com/game.php?id=1771411"]
[Date "2021.10.4"]
[Round "-"]
[White "dpambakian"]
[Black "Kees_Popinga"]
[Result "0-1"]
[WhiteElo "1297"]
[BlackElo "1568"]

1. e4 e5 2. Bc4 Nf6 3. Nh3 h6 4. O-O Bc5 5. Nc3 c6 6. d3 O-O 7. Qf3 d6 8. a4
Nbd7 9. Qf5 Nb6 10. Qf3 Bxh3 11. gxh3 Nxc4 12. Qg3 Nh5 13. Qg4 g6 14. Bxh6 Re8
15. b3 Nb6 16. Ne2 Qd7 17. Qh4 Qe7 18. Ng3 Qxh4 19. Ne2 Qxh3 20. Bd2 Qg4+ 21.
Ng3 Nxg3 22. hxg3 Qh3 23. c3 Kg7 24. d4 exd4 25. b4 Rh8 26. f3 Qh2# 0-1

[Event "Challenge"]
[Site "http://www.queenalice.com/game.php?id=1771529"]
[Date "2021.10.5"]
[Round "-"]
[White "dpambakian"]
[Black "magalhaes_br"]
[Result "1-0"]
[WhiteElo "1319"]
[BlackElo "1471"]

1. e4 e5 2. Bc4 Nf6 3. Nf3 h6 4. O-O d6 5. Nc3 c6 6. b3 Qe7 7. b4 Be6 8. Bd3 a6
9. Nh4 Nbd7 10. a4 Bg4 11. Be2 Be6 12. b5 a5 13. bxc6 bxc6 14. Ba3 c5 15. Nb5
Rb8 16. Nc7+ Kd8 17. Na6 Ra8 18. Rb1 Qe8 19. c3 Ke7 20. Nc7 Qd8 21. Nb5 Nb6 22.
d4 exd4 23. cxd4 Nxe4 24. dxc5 dxc5 25. Qc2 Bd5 26. Bf3 Rc8 27. Nf5+ Kf6 28. Bg4
g6 29. Ne3 Be6 30. Bb2+ Ke7 31. Qxe4 Ke8 32. Bxe6 fxe6 33. Qxe6+ Be7 34. Bxh8
1-0

[Event "Challenge"]
[Site "http://www.queenalice.com/game.php?id=1771530"]
[Date "2021.10.5"]
[Round "-"]
[White "magalhaes_br"]
[Black "dpambakian"]
[Result "1-0"]
[WhiteElo "1461"]
[BlackElo "1320"]

1. e4 e5 2. Nf3 Nc6 3. c3 Bc5 4. Bc4 Qf6 5. O-O Nh6 6. d3 Ne7 7. d4 exd4 8. cxd4
Bb6 9. Bg5 Qg6 10. Qd2 O-O 11. Bd3 Ng4 12. h3 Nf6 13. Nc3 h6 14. Rfe1 hxg5 15.
Qxg5 Qh7 16. e5 Nh5 17. Bxh7+ Kxh7 18. Qxh5+ Kg8 19. Ng5 f6 20. Qh7# 1-0

[Event "Challenge"]
[Site "http://www.queenalice.com/game.php?id=1771536"]
[Date "2021.10.6"]
[Round "-"]
[White "dpambakian"]
[Black "Kees_Popinga"]
[Result "1-0"]
[WhiteElo "1292"]
[BlackElo "1556"]

1. e4 e5 2. Nf3 d6 3. Bc4 Qf6 4. O-O Be6 5. d3 Bxc4 6. Bg5 Qe6 7. Nc3 c6 8. dxc4
Qxc4 9. Nxe5 Qe6 10. Nf3 Be7 11. e5 dxe5 12. Ne4 Nf6 13. Qd3 O-O 14. Bf4 exf4
15. Neg5 Qd5 16. Qc3 Na6 17. Rad1 Qc5 18. Qd3 Rad8 19. Qe2 Rxd1 20. Qxd1 Rd8 21.
Qe2 Kf8 22. Ne5 Kg8 23. Nexf7 Re8 24. Qe6 Bf8 25. Nh6+ Kh8 26. Ngf7# 1-0

[Event "Challenge"]
[Site "http://www.queenalice.com/game.php?id=1771705"]
[Date "2021.10.8"]
[Round "-"]
[White "AdilsonGomes"]
[Black "dpambakian"]
[Result "1-0"]
[WhiteElo "1444"]
[BlackElo "1341"]

1. b3 e5 2. Bb2 Bc5 3. Bxe5 Nh6 4. e3 O-O 5. Bb2 Nc6 6. Nc3 d6 7. d4 Bb4 8. a3
Ba5 9. b4 Bg4 10. Nf3 Bb6 11. Nd5 Re8 12. Nxb6 axb6 13. h3 Bf5 14. Bd3 Be6 15.
c4 d5 16. c5 bxc5 17. dxc5 d4 18. exd4 Bb3+ 19. Be2 Bxd1 20. Rxd1 Nf5 21. O-O
Qf6 22. Bb5 b6 23. cxb6 Nce7 24. Bxe8 Rxe8 25. bxc7 Nd5 26. Rfe1 Nxc7 27. Rxe8+
Nxe8 28. Re1 Ned6 29. b5 Nc4 30. Re8# 1-0

[Event "Challenge"]
[Site "http://www.queenalice.com/game.php?id=1771706"]
[Date "2021.10.8"]
[Round "-"]
[White "dpambakian"]
[Black "AdilsonGomes"]
[Result "0-1"]
[WhiteElo "1310"]
[BlackElo "1378"]

1. e4 b6 2. Nf3 Bb7 3. Bc4 e6 4. O-O Bxe4 5. Ne5 Bd6 6. Ng4 Qh4 7. g3 h5 8. Ne3
Qh3 9. f3 Bb7 10. g4 Qxh2# 0-1

[Event "Challenge"]
[Site "http://www.queenalice.com/game.php?id=1771990"]
[Date "2021.10.12"]
[Round "-"]
[White "dpambakian"]
[Black "magalhaes_br"]
[Result "0-1"]
[WhiteElo "1329"]
[BlackElo "1254"]

1. e4 e5 2. Nc3 c6 3. d3 Nf6 4. Bg5 d6 5. Nf3 Nbd7 6. d4 g6 7. dxe5 dxe5 8. Bc4
Bg7 9. Qd3 O-O 10. O-O-O a6 11. h4 Qe8 12. Na4 b5 13. Bxb5 cxb5 14. Nc3 Nc5 15.
Qe3 Ne6 16. Nxe5 Nxg5 17. Qxg5 Bb7 18. h5 Nxh5 19. Nd7 h6 20. Qg4 Nf6 21. Qg3
Nxe4 22. Nxe4 Bxe4 23. Nc5 Bf5 24. Nb7 Qe7 25. Na5 Qf6 26. Qc7 Rac8 27. Qg3
Qxb2+ 28. Kd2 Qxa2 29. Nb3 Rcd8+ 30. Ke1 Qxc2 31. Nc1 Qxd1# 0-1

[Event "Challenge"]
[Site "http://www.queenalice.com/game.php?id=1780380"]
[Date "2022.1.14"]
[Round "-"]
[White "nuzera"]
[Black "dpambakian"]
[Result "1-0"]
[WhiteElo "1392"]
[BlackElo "1310"]

1. e4 e5 2. Qh5 Nf6 3. Qxe5+ Be7 4. d4 d6 5. Qg3 Nxe4 6. Qxg7 Bf6 7. Qh6 Qe7 8.
Be3 c5 9. Bb5+ Bd7 10. Bd3 Ng5 11. dxc5 dxc5 12. Ne2 Ne6 13. O-O Bg7 14. Qh5 Nc6
15. c3 O-O-O 16. Bf5 Qd6 17. Bxe6 fxe6 18. Bxc5 Qd3 19. Nf4 Qe4 20. Qg5 Bf8 21.
Nd2 Qc2 22. Bd4 Bg7 23. Bxg7 Rhg8 24. Nc4 Rde8 25. Nd6+ Kc7 26. Nxe8+ Bxe8 27.
Be5+ Nxe5 28. Qxe5+ Kd7 29. Qxe6+ Kc7 30. Nd5+ Kd8 31. Qe7+ Kc8 32. Qc7# 1-0

[Event "Challenge"]
[Site "http://www.queenalice.com/game.php?id=1788727"]
[Date "2022.5.10"]
[Round "-"]
[White "ilbarbierefallito"]
[Black "dpambakian"]
[Result "1-0"]
[WhiteElo "1534"]
[BlackElo "1310"]

1. d4 d6 2. Nf3 Bg4 3. h3 Bf5 4. Nc3 Na6 5. e4 Bg6 6. h4 Qd7 7. h5 Bxe4 8. Nxe4
g6 9. hxg6 fxg6 10. Nfg5 O-O-O 11. g3 d5 12. Bh3 e6 13. Bxe6 Qxe6 14. Nxe6 Re8
15. N4g5 Bh6 16. Nf7 Rxe6+ 17. Kf1 Bg7 18. Qg4 Nf6 19. Qxe6+ Kb8 20. Nxh8 b6 21.
Nf7 c5 22. Bf4+ Kb7 23. Nd8+ Ka8 24. Qc6# 1-0

[Event "Challenge"]
[Site "http://www.queenalice.com/game.php?id=1790164"]
[Date "2022.6.4"]
[Round "-"]
[White "dpambakian"]
[Black "ilbarbierefallito"]
[Result "0-1"]
[WhiteElo "1303"]
[BlackElo "1513"]

1. e4 c5 2. Bc4 g6 3. Nf3 Nc6 4. O-O Bg7 5. d3 e6 6. Bg5 Nge7 7. Nc3 O-O 8. Nb5
d5 9. exd5 exd5 10. Bb3 Bxb2 11. Rb1 Bg7 12. c4 d4 13. Re1 a6 14. Na3 f6 15. Bf4
Ne5 16. Nxe5 fxe5 17. Bg5 Rf5 18. Bh4 Rh5 19. Bg3 Nc6 20. h3 Qd6 21. Rb2 Nb4 22.
Rbe2 Bf5 23. Rxe5 Bxe5 24. Rxe5 Qf8 25. Ba4 Nxd3 26. Qe2 Nxe5 27. Qxe5 Bc2 28.
Qe6+ Qf7 29. Qe2 Bxa4 30. Bd6 Rd8 31. Bg3 d3 32. Qd2 Qd7 33. Qf4 d2 34. Kh2 d1=Q
35. h4 Q1d3 36. Qf6 Qf1 37. Be5 Rxe5 38. Qxe5 Bc6 39. Kg3 Qxg2+ 40. Kf4 Rf8+ 41.
Ke3 Qxf2# 0-1

[Event "Challenge"]
[Site "http://www.queenalice.com/game.php?id=1791664"]
[Date "2022.6.28"]
[Round "-"]
[White "dpambakian"]
[Black "ilbarbierefallito"]
[Result "0-1"]
[WhiteElo "1295"]
[BlackElo "1521"]

1. e4 c5 2. Nc3 Nc6 3. Bc4 Nf6 4. Nf3 e6 5. e5 Ng4 6. g3 Ngxe5 7. Bb5 a6 8. Ba4
Ng6 9. O-O b5 10. Bb3 c4 11. d3 cxb3 12. axb3 d5 13. Bg5 Be7 14. Be3 O-O 15. h4
d4 16. Nxd4 Nxd4 17. Ne4 f5 18. Nd2 e5 19. c3 f4 20. gxf4 Nxf4 21. cxd4 Bxh4 22.
dxe5 Qg5+ 23. Kh1 Qg2# 0-1

[Event "Challenge"]
[Site "http://www.queenalice.com/game.php?id=1792264"]
[Date "2022.7.11"]
[Round "-"]
[White "ilbarbierefallito"]
[Black "dpambakian"]
[Result "1-0"]
[WhiteElo "1528"]
[BlackElo "1288"]

1. d4 Nc6 2. Nf3 e6 3. e3 b6 4. Be2 Bb4+ 5. c3 Ba5 6. b4 Nf6 7. bxa5 Nxa5 8. O-O
O-O 9. Ba3 Re8 10. Nbd2 Nd5 11. Qc2 Nf4 12. exf4 d6 13. Bd3 e5 14. Bxh7+ Kh8 15.
Bd3 Qf6 16. Rfe1 exf4 17. Rxe8# 1-0

[Event "Challenge"]
[Site "http://www.queenalice.com/game.php?id=1793136"]
[Date "2022.7.25"]
[Round "-"]
[White "dpambakian"]
[Black "dejami"]
[Result "1-0"]
[WhiteElo "1282"]
[BlackElo "1543"]

1. e4 e5 2. Nf3 Qf6 3. d3 h6 4. Nc3 c6 5. d4 Bd6 6. dxe5 Bxe5 7. Bc4 b5 8. Bd3
Bc7 9. O-O Bd8 10. e5 Qe7 11. Nd4 Qc5 12. Nb3 Qe7 13. e6 fxe6 14. Qf3 Nf6 15.
Bf4 Na6 16. Rae1 Rb8 17. Bxb8 Nxb8 18. Nd4 Qf8 19. b3 Bc7 20. Bg6+ Kd8 21. a4 b4
22. Rd1 bxc3 23. Nxe6+ Ke7 24. Nxf8 Rxf8 25. Rfe1+ Kd8 26. Qe3 Bb6 27. Qe7+ Kc7
28. Qxf8 Ng4 29. Bf5 Bxf2+ 30. Kf1 Bxe1 31. Qd6+ Kb7 32. Bxg4 1-0

[Event "Challenge"]
[Site "http://www.queenalice.com/game.php?id=1793138"]
[Date "2022.7.25"]
[Round "-"]
[White "dejami"]
[Black "dpambakian"]
[Result "1-0"]
[WhiteElo "1529"]
[BlackElo "1308"]

1. e4 e5 2. Bc4 Nf6 3. Qf3 Bc5 4. d3 d6 5. h3 O-O 6. g4 Nc6 7. c3 Na5 8. b4 Nxc4
9. dxc4 Bb6 10. Ne2 a5 11. g5 Nd7 12. h4 axb4 13. cxb4 h6 14. gxh6 Nf6 15. hxg7
Re8 16. Rg1 c5 17. Qe3 cxb4 18. Qh6 Nh7 19. Bg5 Qc7 20. Nd2 Qc5 21. Rf1 Re6 22.
Qh5 Rg6 23. f4 Qe3 24. f5 Rxg7 25. Bxe3 Bxe3 26. Rb1 Nf6 27. Qf3 Bc5 28. Ng3
Rxa2 29. Nb3 Bb6 30. Nc1 Ra3 31. Rb3 Ra1 32. Kd1 Ng4 33. Rh1 Nf2+ 34. Kc2 Ng4
35. Nh5 Bd7 36. Nxg7 Nh6 37. Qg3 Bc6 38. Ne6+ Kh7 39. Qg7# 1-0

[Event "Challenge"]
[Site "http://www.queenalice.com/game.php?id=1808242"]
[Date "2023.3.21"]
[Round "-"]
[White "dpambakian"]
[Black "Aquarebel"]
[Result "1-0"]
[WhiteElo "1301"]
[BlackElo "1490"]

1. e4 e5 2. Bc4 c5 3. Nf3 h5 4. O-O Nf6 5. Nxe5 Qe7 6. Nf3 Nxe4 7. d3 Nd6 8. Re1
Kd8 9. Bg5 f6 10. Rxe7 Bxe7 11. Bf4 b5 12. Bd5 Nc6 13. Bf7 Nxf7 14. Nbd2 d6 15.
Qe2 g5 16. Bg3 Nce5 17. Re1 Bd7 18. Qe4 Rb8 19. c4 b4 20. a3 a5 21. Nb3 bxa3 22.
Nxa5 axb2 23. Nd2 Ke8 24. d4 Nxc4 25. Qxe7# 1-0

[Event "Rematch"]
[Site "http://www.queenalice.com/game.php?id=1812455"]
[Date "2023.5.24"]
[Round "-"]
[White "dpambakian"]
[Black "Aquarebel"]
[Result "1-0"]
[WhiteElo "1325"]
[BlackElo "1450"]

1. g3 d5 2. e3 e5 3. Nf3 e4 4. Ne5 f6 5. Ng4 f5 6. Ne5 Qe7 7. Bb5+ Bd7 8. Nxd7
Nxd7 9. O-O O-O-O 10. c3 Nc5 11. d4 Ne6 12. Nd2 a6 13. Ba4 c5 14. dxc5 Nxc5 15.
Bb3 Qe6 16. c4 Ne7 17. cxd5 Nxd5 18. Nc4 Nd3 19. Bd2 Bb4 20. Bxb4 N3xb4 21. a3
Nd3 22. Qc2 h5 23. f3 b5 24. Nd2+ Kb7 25. Rac1 Nxc1 26. Rxc1 Kb6 27. Qc5+ Ka5
28. Nc4# 1-0

[Event "0-2, round 3"]
[Site "http://www.queenalice.com/game.php?id=1814657"]
[Date "2023.6.22"]
[Round "-"]
[White "dpambakian"]
[Black "Aquarebel"]
[Result "0-1"]
[WhiteElo "1346"]
[BlackElo "1380"]

1. e4 e5 2. Bc4 d6 3. Nf3 Bg4 4. Ng5 Qxg5 5. O-O Bxd1 6. Rxd1 Nf6 7. d3 Qh4 8.
f4 Ng4 9. h3 Qf2+ 10. Kh1 Qe2 11. Rg1 Nf2+ 12. Kh2 Qxc2 13. Na3 Qe2 14. d4 Qxe4
15. Rf1 Nd3 16. Bd2 Nxf4 17. Bxf4 exf4 18. Rae1 Qxe1 19. Rxe1+ Be7 20. Nb5 Na6
21. d5 Rc8 22. a3 Nc5 23. Nxa7 Ra8 24. Nb5 Na6 25. Nd4 Kf8 26. Nf5 Bf6 27. g3
Bxb2 28. Rb1 Bxa3 29. Bb5 g6 30. Nd4 Kg7 31. gxf4 Nc5 32. Rg1 Bb2 33. Nf3 Ra2
34. Bc4 Ra4 35. Bb5 Rb4 36. Be2 Rxf4 37. Ng5 Be5 38. h4 Rf2+ 39. Kh1 Rh2# 0-1

[Event "Challenge"]
[Site "http://www.queenalice.com/game.php?id=1821333"]
[Date "2023.9.21"]
[Round "-"]
[White "Canaye14"]
[Black "dpambakian"]
[Result "1-0"]
[WhiteElo "1662"]
[BlackElo "1331"]

1. d4 e6 2. c4 Nc6 3. Nc3 Bb4 4. Nf3 Nf6 5. Bg5 O-O 6. Qc2 h6 7. Bh4 d5 8. c5 b6
9. a3 Ba5 10. b4 e5 11. bxa5 bxc5 12. Nxe5 Nxd4 13. Qd1 Bf5 14. Rc1 1-0

[Event "Challenge"]
[Site "http://www.queenalice.com/game.php?id=1821334"]
[Date "2023.9.21"]
[Round "-"]
[White "dpambakian"]
[Black "Canaye14"]
[Result "0-1"]
[WhiteElo "1331"]
[BlackElo "1665"]

1. e4 e6 2. Bc4 d5 3. exd5 exd5 4. Bb5+ c6 5. Bd3 Nf6 6. Nf3 Bc5 7. O-O O-O 8.
Ng5 h6 9. Nf3 Bg4 10. h3 Bh5 11. Be2 Nbd7 12. d3 Re8 13. Nc3 Qc7 14. g3 b5 0-1

[Event "Challenge"]
[Site "http://www.queenalice.com/game.php?id=1841246"]
[Date "2024.8.1"]
[Round "-"]
[White "dpambakian"]
[Black "Aquarebel"]
[Result "0-1"]
[WhiteElo "1328"]
[BlackElo "1408"]

1. e4 e5 2. Bc4 d6 3. Nh3 g6 4. O-O Nh6 5. d3 Bxh3 6. Qf3 Bd7 7. Bxh6 f6 8. Bxf8
Rxf8 9. Nc3 h5 10. Nd5 c6 11. Ne3 b5 12. Bb3 Bg4 13. Qg3 Qd7 14. h3 Be6 15.
Qxg6+ Bf7 16. Qh6 Na6 17. Nf5 O-O-O 18. Rae1 Nb4 19. d4 Bxb3 20. axb3 Nxc2 21.
Re2 Nxd4 22. Nxd4 exd4 23. Rd1 Qe6 24. Qxh5 c5 0-1